<?xml version="1.0" encoding="UTF-8"?>
<record
    xmlns:xsi="http://www.w3.org/2001/XMLSchema-instance"
    xsi:schemaLocation="http://www.loc.gov/MARC21/slim http://www.loc.gov/standards/marcxml/schema/MARC21slim.xsd"
    xmlns="http://www.loc.gov/MARC21/slim">

  <leader>00839na  a2200289   4500</leader>
  <controlfield tag="001">16206</controlfield>
  <controlfield tag="003">MIRAKIL</controlfield>
  <controlfield tag="005">20181213154801.0</controlfield>
  <controlfield tag="008">160930b        tu            000 0      </controlfield>
  <datafield tag="020" ind1=" " ind2=" ">
    <subfield code="a">9755200258</subfield>
  </datafield>
  <datafield tag="035" ind1=" " ind2=" ">
    <subfield code="a">16206</subfield>
  </datafield>
  <datafield tag="040" ind1=" " ind2=" ">
    <subfield code="a">Milas</subfield>
    <subfield code="b">tur</subfield>
    <subfield code="c">TR-AnCHP</subfield>
  </datafield>
  <datafield tag="082" ind1=" " ind2=" ">
    <subfield code="a">327.56</subfield>
    <subfield code="b">E63k 1990</subfield>
  </datafield>
  <datafield tag="090" ind1=" " ind2=" ">
    <subfield code="a">327.56 E63k 1990</subfield>
  </datafield>
  <datafield tag="100" ind1=" " ind2=" ">
    <subfield code="a">Ergil, Do&#x11F;u</subfield>
    <subfield code="d">1943-</subfield>
  </datafield>
  <datafield tag="245" ind1=" " ind2=" ">
    <subfield code="a">K&#xF6;rfez bunal&#x131;m&#x131;</subfield>
    <subfield code="c">Do&#x11F;u Ergil</subfield>
  </datafield>
  <datafield tag="260" ind1=" " ind2=" ">
    <subfield code="a">Ankara</subfield>
    <subfield code="b">G&#xFC;ndo&#x11F;an Yay&#x131;nlar&#x131;</subfield>
    <subfield code="c">1990</subfield>
  </datafield>
  <datafield tag="300" ind1=" " ind2=" ">
    <subfield code="a">104 s.</subfield>
    <subfield code="b">hrt. , fot&#x11F;.</subfield>
    <subfield code="c">20 sm.</subfield>
  </datafield>
  <datafield tag="440" ind1=" " ind2=" ">
    <subfield code="a">G&#xFC;ndo&#x11F;an yay&#x131;nlar&#x131;</subfield>
    <subfield code="v">90-27</subfield>
  </datafield>
  <datafield tag="490" ind1=" " ind2=" ">
    <subfield code="a">Siyaset-Sosyoloji dizi</subfield>
    <subfield code="v">02.06</subfield>
  </datafield>
  <datafield tag="600" ind1=" " ind2=" ">
    <subfield code="a">H&#xFC;seyin, Saddam</subfield>
  </datafield>
  <datafield tag="650" ind1=" " ind2=" ">
    <subfield code="a">Su sorunu</subfield>
    <subfield code="x">Orta Do&#x11F;u</subfield>
  </datafield>
  <datafield tag="650" ind1=" " ind2=" ">
    <subfield code="a">Basra K&#xF6;rfezi Sava&#x15F;&#x131;</subfield>
    <subfield code="y">1991</subfield>
  </datafield>
  <datafield tag="650" ind1=" " ind2=" ">
    <subfield code="a">Irak-Kuveyt Krizi</subfield>
    <subfield code="y">1990-1991</subfield>
  </datafield>
  <datafield tag="651" ind1=" " ind2=" ">
    <subfield code="a">Orta Do&#x11F;u</subfield>
    <subfield code="x">Uluslararas&#x131; ili&#x15F;kiler</subfield>
  </datafield>
  <datafield tag="942" ind1=" " ind2=" ">
    <subfield code="2">ddc</subfield>
    <subfield code="c">BKS</subfield>
  </datafield>
  <datafield tag="952" ind1=" " ind2=" ">
    <subfield code="a">0001</subfield>
    <subfield code="b">0001</subfield>
    <subfield code="d">2016-09-30</subfield>
    <subfield code="e">2</subfield>
    <subfield code="h">c.11</subfield>
    <subfield code="l">0</subfield>
    <subfield code="o">327.56 E63k 1990</subfield>
    <subfield code="p">005133</subfield>
    <subfield code="r">2016-09-30 00:00:00</subfield>
    <subfield code="v">0.00</subfield>
    <subfield code="w">2016-09-30</subfield>
    <subfield code="y">BKS</subfield>
  </datafield>
  <datafield tag="999" ind1=" " ind2=" ">
    <subfield code="c">775</subfield>
    <subfield code="d">775</subfield>
  </datafield>
</record>
